مكتبة جامعة عجلون الوطنية

فهرس بحث المكتبة

CORPORATE FINANCIAL ANALYSIS (Record no. 33170)

MARC details
000 -LEADER
fixed length control field 00609nam a22001817a 4500
003 - CONTROL NUMBER IDENTIFIER
control field JO-AjAnu
005 - DATE AND TIME OF LATEST TRANSACTION
control field 20231127121710.0
008 - FIXED-LENGTH DATA ELEMENTS--GENERAL INFORMATION
fixed length control field 231127b jo ||||| |||| 00| 0 ara d
020 ## - INTERNATIONAL STANDARD BOOK NUMBER
International Standard Book Number 9798552060030
040 ## - CATALOGING SOURCE
Transcribing agency JO-AjAnu
Modifying agency JO-AjAnu
041 #0 - LANGUAGE CODE
Language code of sung or spoken text ENG
Language code of original ENG
050 ## - LIBRARY OF CONGRESS CALL NUMBER
Classification number HG4026.
Item number 2020
100 #1 - MAIN ENTRY--PERSONAL NAME
Personal name ROBERTSON,BLAINE
9 (RLIN) 64481
Relator term outhor
245 #0 - TITLE STATEMENT
Title CORPORATE FINANCIAL ANALYSIS
Remainder of title Advanced Methods and Techniques for Analysis of Financial Statements,Reports and Markets:
Statement of responsibility, etc. BLAINE ROBERTSON
300 ## - PHYSICAL DESCRIPTION
Extent 167pags
650 40 - SUBJECT ADDED ENTRY--TOPICAL TERM
Topical term or geographic name entry element Corporations -- Accounting
9 (RLIN) 64483
Form subdivision Corporations -- Accounting
942 ## - ADDED ENTRY ELEMENTS (KOHA)
Source of classification or shelving scheme Library of Congress Classification
Koha item type Books
Suppress in OPAC No
Holdings
Withdrawn status Lost status Source of classification or shelving scheme Damaged status Not for loan Home library Current library Date acquired Total Checkouts Full call number Barcode Date last seen Price effective from Koha item type
    Library of Congress Classification     مكتبة جامعة عجلون الوطنية مكتبة جامعة عجلون الوطنية 27/11/2023   HG4026 2020 e3628 27/11/2023 27/11/2023 Books
    Library of Congress Classification     مكتبة جامعة عجلون الوطنية مكتبة جامعة عجلون الوطنية 27/11/2023   HG4026 2020 e3627 27/11/2023 27/11/2023 Books